Infrastructure provision and the negotiating process (Record no. 115905)
[ view plain ]
| 000 -LEADER | |
|---|---|
| fixed length control field | 01426cad a22002415a 4500 |
| 001 - CONTROL NUMBER | |
| control field | L159444 |
| 008 - FIXED-LENGTH DATA ELEMENTS--GENERAL INFORMATION | |
| fixed length control field | 131002s2017 xxk f 000 0 eng d |
| 020 ## - INTERNATIONAL STANDARD BOOK NUMBER | |
| International Standard Book Number | 9781315252247 |
| 035 ## - SYSTEM CONTROL NUMBER | |
| System control number | (Sirsi) u159444 |
| 041 0# - LANGUAGE CODE | |
| Language code of text/sound track or separate title | eng |
| 050 04 - LIBRARY OF CONGRESS CALL NUMBER | |
| Classification number | 307.1216 $2 18 |
| 100 1# - MAIN ENTRY--PERSONAL NAME | |
| Personal name | Ennis, Frank |
| 245 00 - TITLE STATEMENT | |
| Title | Infrastructure provision and the negotiating process |
| Medium | [electronic resource] |
| 260 ## - PUBLICATION, DISTRIBUTION, ETC. | |
| Place of publication, distribution, etc. | Abingdon |
| Name of publisher, distributor, etc. | Routledge |
| Date of publication, distribution, etc. | 2017 |
| 300 ## - PHYSICAL DESCRIPTION | |
| Extent | ebook |
| 520 ## - SUMMARY, ETC. | |
| Summary, etc. | The provision of infrastructure for urban developments is increasingly becoming a highly contentious and important issue in planning negotiations. By drawing together a range of case studies from North America, Australia and Europe, this book compares how a number of planning systems deal with this issue. There is a general trend by planning agencies towards the securing of infrastructure from the private sector. This necessitates a negotiation process between planning agencies, developers and infrastructure providers and this volume shows how this process varies according to the political context, the nature of the planning system and the existence of other frameworks such as Environmental Impact Assessment. |
| 650 24 - SUBJECT ADDED ENTRY--TOPICAL TERM | |
| Topical term or geographic name entry element | EBOOK |
| 650 24 - SUBJECT ADDED ENTRY--TOPICAL TERM | |
| Topical term or geographic name entry element | Infrastructure |
| 9 (RLIN) | 6246 |
| 651 #4 - SUBJECT ADDED ENTRY--GEOGRAPHIC NAME | |
| Geographic name | International |
| 690 ## - LOCAL SUBJECT ADDED ENTRY--TOPICAL TERM (OCLC, RLIN) | |
| Topical term or geographic name as entry element | Planning and development |
| 9 (RLIN) | 6259 |
| 856 40 - ELECTRONIC LOCATION AND ACCESS | |
| Uniform Resource Identifier | <a href="https://www.vlebooks.com/">https://www.vlebooks.com/</a> |
| Public note | View on VLEbooks. Logins for members only from [email protected] |
| 942 ## - ADDED ENTRY ELEMENTS (KOHA) | |
| Suppress in OPAC | 0 |
| Withdrawn status | Lost status | Source of classification or shelving scheme | Damaged status | Not for loan | Home library | Current library | Shelving location | Date acquired | Total Checkouts | Full call number | Barcode | Date last seen | Copy number | Price effective from | Koha item type |
|---|---|---|---|---|---|---|---|---|---|---|---|---|---|---|---|
| Dewey Decimal Classification | Virtual | Virtual | Online | 24/07/2017 | eBook | 159444-2001 | 23/03/2023 | 1 | 06/08/2019 | Book |